| 000 | 01060nam a2200217Ia 4500 | ||
|---|---|---|---|
| 003 | Ost | ||
| 005 | 20260507075029.0 | ||
| 008 | 260507s9999||||xx |||||||||||||| ||und|| | ||
| 040 | _cfsecg | ||
| 041 | _aara | ||
| 082 | _a330 | ||
| 100 |
_aعطية، أحمد صالح _eمؤلف |
||
| 245 | 0 |
_aمحاسبة الإستثمار والتمويل في البنوك التجارية / _c أحمد صالح عطية |
|
| 260 |
_aالإسكندرية: _bالدار الجامعية, _c2003 |
||
| 300 |
_a342 صفحة؛ _bإيضاحات ؛ _c24 سم |
||
| 520 | _aطبيعة الجهاز المصرفي، المحاسبة عن موارد البنوك التجارية، المحاسبة عن إستثمار الموارد في البنوك التجارية، التقارير المحاسبية للبنوك التجارية، استخدام التقارير المحاسبية في تقييم أداء البنوك التجارية | ||
| 653 | _aالإستثمار | ||
| 653 | _aالبنوك التجارية | ||
| 653 | _aالتمويل | ||
| 942 | _cكتاب | ||
| 999 |
_c42372 _d42372 |
||